000 00358 a2200109 4500
001 ART_49744
005 20260410161936.0
008 260409a
245 1 0 _aLa morfología de la inflación
100 1 _aAlemann, Roberto T.
773 0 _tAnales de la Academia Nacional de Ciencias Económicas
_g- Vol. XXXIV, (1989) (ene. 1989)
_wREV25596
999 _c29052
_d29052